000 02737nam0a2200421 4500
001 RU\NLR\BIBL_A\022412027
005 20250616155749.0
010 _a978-5-904994-69-3
_9300
021 _aRU
_bКН-П-24-066051
_9КН-П-24-6594
035 _a(NLR Aleph) 022412027
090 _a13335958
_c13335958
100 _a20241213d2024 k y0rusy50 ca
101 1 _arus
_carm
102 _aRU
105 _aah z 000fy
181 0 _ai
_bxxxe
182 0 _an
200 1 _aАрмянские сказки
_fпер. [и комментарии] Я. С. Хачатрянца
_gвведение М. С. Шагинян
_gиллюстрации Мартироса Сергеевича Сарьяна
210 _aМосква
_cАльма Матер
_d2024
215 _a295 с.
_cил., факс.
_d21
225 1 _aМетоды культуры
_iФольклор
_iТексты
300 _aНа пер. загл. сер.: Фольклор. Тексты
300 _aСопровождается илл. М. С. Сарьяна, выполн. специально для изд. 1933 г.
320 _aБиблиогр.: с. 292–293
327 1 _aСодерж. разд.: Армянские народные сказки ; Народные сказки в художественной обработке. В прил.: Фольклорные параллели / сост. Н. П. Андреевым
451 0 _12001#$aАрмянские сказки$fперевод и примечания Я. Хачатрянца$gвведение М. Шагинян$gхудож. оформ. М. Сарьяна
_1205##$a2-е значительно доп. и испр. изд.
_1210##$aМосква$aЛенинград$cAcademia$d1933
_tАрмянские сказки
464 0 _12001#$aФольклорные параллели$fсост. Н. П. Андреевым
_1702#1$3RU\NLR\AUTH\770277176$aАндреев$bН. П.$cд-р филол. наук, фольклористика$f1892-1942$gНиколай Петрович$4220
_tФольклорные параллели
606 1 _aСказки армянские
_91017747
_3RU\NLR\AUTH\6670755
686 1 _aШ3(247=Ар)-615.10
702 1 _aХачатрянц
_bЯ. С.
_f1884-1960
_gЯков Самсонович
_4212
702 1 _4080
_7ca
_arus
_aШагинян
_bМ. С.
_f1888-1982
_gМариэтта Сергеевна
_910502
_3RU\NLR\AUTH\7727470
702 1 _4440
_7ca
_8rus
_aСарьян
_bМ. С.
_f1880-1972
_gМартирос Сергеевич
_92653276
_3RU\NLR\AUTH\770281309
942 _cBOOK
980 _aNB